Central African Economic and Monetary Community : Recent Developments and Regional Policy Issues.

Macroeconomic developments in the Central African Economic and Monetary Community (CEMAC) region have been satisfactory, but risks to macroeconomic stability persist. The process of convergence remains slow and needs strengthening, notably through the adoption of a fiscal rule and the elimination of...

Full description

Bibliographic Details
Corporate Author: International Monetary Fund
Format: Journal
Language:English
Published: Washington, D.C. : International Monetary Fund, 2003.
Series:IMF Staff Country Reports; Country Report ; No. 2003/398
Online Access:Full text available on IMF
LEADER 01671cas a2200241 a 4500
001 AALejournalIMF002814
008 230101c9999 xx r poo 0 0eng d
020 |c 5.00 USD 
020 |z 9781451806502 
022 |a 1934-7685 
040 |a BD-DhAAL  |c BD-DhAAL 
110 2 |a International Monetary Fund. 
245 1 0 |a Central African Economic and Monetary Community :   |b Recent Developments and Regional Policy Issues. 
264 1 |a Washington, D.C. :  |b International Monetary Fund,  |c 2003. 
300 |a 1 online resource (74 pages) 
490 1 |a IMF Staff Country Reports 
500 |a <strong>Off-Campus Access:</strong> No User ID or Password Required 
500 |a <strong>On-Campus Access:</strong> No User ID or Password Required 
506 |a Electronic access restricted to authorized BRAC University faculty, staff and students 
520 3 |a Macroeconomic developments in the Central African Economic and Monetary Community (CEMAC) region have been satisfactory, but risks to macroeconomic stability persist. The process of convergence remains slow and needs strengthening, notably through the adoption of a fiscal rule and the elimination of bank financing of fiscal deficits. Continued efforts by the banking regulator are needed to strengthen the banking sector. There is a need to accelerate structural reforms, strengthen basic infrastructure, and adopt common sectoral policies aimed at diversifying the regional economy. 
538 |a Mode of access: Internet 
830 0 |a IMF Staff Country Reports; Country Report ;  |v No. 2003/398 
856 4 0 |z Full text available on IMF  |u http://elibrary.imf.org/view/journals/002/2003/398/002.2003.issue-398-en.xml  |z IMF e-Library